<?xml version="1.0" encoding="UTF-8"?>
<collection xmlns:xsi="http://www.w3.org/2001/XMLSchema-instance" xsi:schemaLocation="http://www.loc.gov/MARC21/slim http://www.loc.gov/standards/marcxml/schema/MARC21slim.xsd" xmlns="http://www.loc.gov/MARC21/slim">
 <record>
  <leader>00000ctm a22000003i 4500</leader>
  <controlfield tag="001">UP-99796217612562324</controlfield>
  <controlfield tag="003">Buklod</controlfield>
  <controlfield tag="005">20230215105418.0</controlfield>
  <controlfield tag="006">m    |o  d |      </controlfield>
  <controlfield tag="007">ta</controlfield>
  <controlfield tag="008">170809s        xx     d     r    |||| u|</controlfield>
  <datafield tag="035" ind1=" " ind2=" ">
   <subfield code="a">(iLib)UPD-00343311355</subfield>
  </datafield>
  <datafield tag="040" ind1=" " ind2=" ">
   <subfield code="a">DENGII</subfield>
   <subfield code="e">rda</subfield>
  </datafield>
  <datafield tag="041" ind1=" " ind2=" ">
   <subfield code="a">eng</subfield>
  </datafield>
  <datafield tag="090" ind1=" " ind2=" ">
   <subfield code="a">LG 995 2017 E63</subfield>
   <subfield code="b">S23</subfield>
  </datafield>
  <datafield tag="100" ind1="1" ind2=" ">
   <subfield code="a">Sadie, Homer T.</subfield>
   <subfield code="e">author.</subfield>
  </datafield>
  <datafield tag="245" ind1="1" ind2="0">
   <subfield code="a">Investigating water intrusions on cracked precast concrete wall panels through an experimental set-up and a computational fluid dynamics model under wind-driven rain conditions</subfield>
   <subfield code="c">thesis by Homer T. Sadie ; Nathaniel B. Diola, thesis adviser.</subfield>
  </datafield>
  <datafield tag="264" ind1=" " ind2="0">
   <subfield code="a">Quezon City</subfield>
   <subfield code="b">College of Engineering, University of the Philippines Diliman</subfield>
   <subfield code="c">2017.</subfield>
  </datafield>
  <datafield tag="300" ind1=" " ind2=" ">
   <subfield code="a">193 leaves in various pagings</subfield>
   <subfield code="b">color illustrations</subfield>
   <subfield code="c">28 cm</subfield>
  </datafield>
  <datafield tag="336" ind1=" " ind2=" ">
   <subfield code="a">text</subfield>
   <subfield code="2">rdacontent</subfield>
  </datafield>
  <datafield tag="337" ind1=" " ind2=" ">
   <subfield code="a">unmediated</subfield>
   <subfield code="2">rdamedia</subfield>
  </datafield>
  <datafield tag="338" ind1=" " ind2=" ">
   <subfield code="a">volume</subfield>
   <subfield code="2">rdacarrier</subfield>
  </datafield>
  <datafield tag="502" ind1=" " ind2=" ">
   <subfield code="a">Thesis (M.S. Civil Engineering)--University of the Philippines Diliman</subfield>
   <subfield code="d">June 2017.</subfield>
  </datafield>
  <datafield tag="506" ind1=" " ind2=" ">
   <subfield code="a">Available to the general public.</subfield>
  </datafield>
  <datafield tag="520" ind1="3" ind2=" ">
   <subfield code="a">Rainwater intrusions in building envelopes has been recognized as the primary source of materials deterioration inside the building and these occurrences are attributed to wind­ driven rain (WDR) and the inadequacies of general construction or design to ensure water­ tight building enclosures. The main objective of this study is to quantify the water ingress and its time to penetrate on through wall cracks as function of both the crack geometry (i.e. width and surface roughness) and the local WDR conditions. Computational fluid models, together with experimental set-ups about cracked concrete panel s of precast systems, derived from ASTM standards, provide some characterization quantities of water intrusions. Three areas of studies were integrated to come up with the computational fluid models using ANSYS FLUENT, which simulates WDR leakages on faulted through wall cracks. First, calculation of the localized wind driven rain test param­eters was conducted. Second, cracked profiles from three-point bending test of concrete samples were studied calculating their roughness values from their digitized form. Thirdly, an experimental set up is facilitated, the result of which characterizes rain intrusion with input variables in the form of WDR loadings and crack displacements, it was also used validate the behavior of the computational model. Crack surface roughness in the form of fractal dimension is verified together with its impediment of flow through the cracks. C25 concrete samples registers the lowest fractal dimension of 1.354, having the highest leakage accumulated in comparison with both C30 with fractal dimension of 1.491 and C20 with fractal dimension of 1.480. Several characteristics of leakage behavior were observed: one, at 0.05 level of significance WDR loading is strongly correlated to accu­mulated volume of water leak; with the same level of significance, time for water ingress has an inverse association with WDR loading (Return Period). There is an indication that accumulated volume of leak is associated with crack displacement discounting the widest 2.0 mm crack displacement. Also, there is an indication of an inverse association of time for water ingress with crack displacement for a narrow range of crack displacemen</subfield>
  </datafield>
  <datafield tag="650" ind1=" " ind2="0">
   <subfield code="a">Concrete</subfield>
   <subfield code="x">Cracki.</subfield>
  </datafield>
  <datafield tag="700" ind1="1" ind2=" ">
   <subfield code="a">Diola, Nathaniel B.</subfield>
   <subfield code="e">advis.</subfield>
  </datafield>
  <datafield tag="842" ind1=" " ind2=" ">
   <subfield code="a">The</subfield>
  </datafield>
  <datafield tag="852" ind1="0" ind2=" ">
   <subfield code="a">UPD</subfield>
   <subfield code="b">DENG-II</subfield>
   <subfield code="h">LG 995 2017 E63</subfield>
   <subfield code="i">S23</subfield>
  </datafield>
  <datafield tag="942" ind1=" " ind2=" ">
   <subfield code="a">Thesis</subfield>
  </datafield>
 </record>
</collection>
